LIBRARY & INFORMATION CENTRE, KCAET, TAVANUR

ONLINE PUBLIC ACCESS CATALOGUE (OPAC)

Rathrani | Lakshminarayan Lal (Record no. 17780)

MARC details
000 -LEADER
fixed length control field 00280nam a2200121 4500
003 - CONTROL NUMBER IDENTIFIER
control field OSt
008 - FIXED-LENGTH DATA ELEMENTS--GENERAL INFORMATION
fixed length control field 231108b |||||||| |||| 00| 0 eng d
041 ## - LANGUAGE CODE
Language code of text/sound track or separate title hin
082 ## - DEWEY DECIMAL CLASSIFICATION NUMBER
Classification number 891.54
Item number LAK/RA
100 ## - MAIN ENTRY--AUTHOR NAME
Personal name Lakshminarayan Lal
245 ## - TITLE STATEMENT
Title Rathrani
Remainder of title Lakshminarayan Lal
942 ## - ADDED ENTRY ELEMENTS (KOHA)
Koha item type Books
Holdings
Withdrawn status Lost status Damaged status Home library Current library Date acquired Full call number Accession Number Koha item type
Withdrawn     KAUAET Sanskrit University 08/11/2023 891.54 LAK/RA 12998 Books
free website counter